Riesgos y osadías del existir / (Record no. 91278)

MARC details
000 -LEADER
campo de control de longitud fija 00523nam a2200169 i 4500
001 - NÚMERO DE CONTROL
campo de control 91278
003 - IDENTIFICADOR DE NÚMERO DE CONTROL
campo de control ES-MaACL
005 - FECHA Y HORA DE LA ÚLTIMA TRANSACCIÓN
campo de control 20230906180701.0
007 - CAMPO FIJO DE DESCRIPCIÓN FÍSICA--INFORMACIÓN GENERAL
campo de control de longitud fija t|
008 - DATOS DE LONGITUD FIJA--INFORMACIÓN GENERAL
campo de control de longitud fija 050128s1967 sp ||||1| spa d
100 1# - ENTRADA PRINCIPAL--NOMBRE DE PERSONA
Nombre de persona Lepp, Ignace.
9 (RLIN) 71731
245 10 - MENCIÓN DEL TÍTULO
Título Riesgos y osadías del existir /
Mención de responsabilidad, etc. Ignace Lepp ; [traducción por José María Bernáldez Montalvo].
260 ## - PUBLICACIÓN, DISTRIBUCIÓN, ETC.
Lugar de publicación, distribución, etc. Madrid :
Nombre del editor, distribuidor, etc. Fax,
Fecha de publicación, distribución, etc. [1967]
300 ## - DESCRIPCIÓN FÍSICA
Extensión 252 p. ;
Dimensiones 21 cm.
700 1# - ENTRADA AGREGADA--NOMBRE PERSONAL
Nombre de persona Bernáldez Montalvo, José María.
9 (RLIN) 153063
852 ## - LOCALIZACIÓN
Ubicación ES-MaACL
Número de control de estantería C-33523
Sublocalización o colección R.64179
Holdings
Estatus retirado Estado de pérdida Estado de daño No para préstamo Biblioteca de origen Biblioteca actual Ubicación en estantería Fecha de adquisición Fuente de adquisición Total de préstamos Signatura topográfica completa Código de barras Visto por última vez Precio de reemplazo Tipo de ítem Koha
        Biblioteca del Ateneo de Madrid Biblioteca del Ateneo de Madrid Depósito 2 17/01/2008     C-33523 1095299 23/02/2023 23/02/2023 Libro impreso